The Khufu I Boat: An Empirical Investigation into Its Use /

Although the Khufu I Boat is one of the oldest, largest, and best-preserved vessels from antiquity, there has been no empirical experimentation to determine its nautical properties or its function. This paper presents results of the first tank testing of a model of the Khufu I Boat in 1995, and then...

وصف كامل

محفوظ في:

المؤلف الرئيسي: Brier, Bob.

مؤلفون آخرون: Greene, Stuart., Morabito, Michael G..

التنسيق: كتاب

اللغة: Undetermined

الوصول للمادة أونلاين: Login to view Source

الوسوم: إضافة وسم

لا توجد وسوم, كن أول من يضع وسما على هذه التسجيلة!

رقم الطلب:

LEADER 00889nam a2200133Ia 4500
008 220712s9999||||xx |||||||||||||| ||und||
100 1 |a Brier, Bob. 
245 1 4 |a The Khufu I Boat: An Empirical Investigation into Its Use /  |c Bob Brier. 
520 3 |a Although the Khufu I Boat is one of the oldest, largest, and best-preserved vessels from antiquity, there has been no empirical experimentation to determine its nautical properties or its function. This paper presents results of the first tank testing of a model of the Khufu I Boat in 1995, and then suggests the vessel’s probable use. doi: http://dx.doi.org/10.5913/jarce.56.2020.a006 
700 1 |a Greene, Stuart. 
700 1 |a Morabito, Michael G.. 
856 4 |u https://lockwoodonlinejournals.com/index.php/jarce/workflow/access/506 
952 |0 0  |1 0  |4 0  |7 1  |9 42416  |a JARCE  |b JARCE  |d 2022-08-09  |l 0  |r 2022-08-09 00:00:00  |w 2022-08-09  |y PT 
999 |c 49179  |d 49179